000 00421nam a22001457a 4500
005 20250718093832.0
008 250718b |||||||| |||| 00| 0 eng d
020 _a9780853646365
050 _aBS2675
_b.3 CAR
100 _aCARSON D. A.
245 _aSHOWING THE SPIRIT;
_bA THEOLOGICAL EXPOSITION OF 1 CORINTHIANS 12-14
260 _aGRAND RAPIDS
_bBAKER BOOK HOUSE COMPANY
_cc1987
300 _a229p
942 _2lcc
_cBK
_n0
999 _c7037
_d7037